Reforma zdravotníctva na Slovensku

Pretrvávajúce nedostatky a reformné pokusy v slovenskom zdravotníctve. Realizácia prebiehajúcej reformy a jej fázy. Príležitosti a riziká navrhovaných zmien. Odhad výdavkov ľudí pred a po reforme.

Saved in:
Bibliographic Details
Main Author: Foltysová, Michaela
Format: Book Chapter
Language:Slovak
Subjects:
Tags: Add Tag
No Tags, Be the first to tag this record!

MARC

LEADER 00000naa$a2200000$$$4500
001 0027270
005 20231114081634.7
041 0 |a slo 
044 |a CZ 
245 1 0 |a Reforma zdravotníctva na Slovensku  |c Michaela Foltysová 
520 |a Pretrvávajúce nedostatky a reformné pokusy v slovenskom zdravotníctve. Realizácia prebiehajúcej reformy a jej fázy. Príležitosti a riziká navrhovaných zmien. Odhad výdavkov ľudí pred a po reforme. 
610 2 0 |a reformy sociálne 
610 2 0 |a zdravotníctvo 
610 2 0 |a Slovensko 
610 2 0 |a výdavky na potreby sociálne 
610 2 0 |a náklady sociálne 
610 2 0 |a poistenie zdravotné 
610 2 0 |a nemocnice 
610 2 0 |a poistenie nemocenské 
100 1 |a Foltysová, Michaela